[Event "47. Ilmar Raud Memorial"]
[Site "Viljandi"]
[Date "2013.07.05"]
[Round "7"]
[White "Sipilä, Vilka"]
[Black "Kveynis, Aloyzas"]
[Result "0-1"]
[WhiteElo "2411"]
[BlackElo "2479"]
[PlyCount "76"]
[EventDate "2013.??.??"]
[EventCountry "EST"]
[TimeControl "40/5400+30:900+30"]

1. e4 c5 2. Nf3 e6 3. d4 cxd4 4. Nxd4 a6 5. Bd3 Bc5 6. Nf3 Nc6 7. O-O d6 8. Qe2
Nf6 9. Be3 Qb6 10. Bxc5 Qxc5 11. Nbd2 O-O 12. Rad1 b5 13. Nb3 Qb6 14. c3 e5 15.
Kh1 Be6 16. h3 h6 17. Nh4 g5 18. Qf3 Kg7 19. Nf5+ Bxf5 20. Qxf5 Ne7 21. Qf3 Ng6
22. Bc2 Rfc8 23. Nc1 Nf4 24. Rd2 b4 25. Qe3 Qb5 26. Rfd1 bxc3 27. bxc3 Qa5 28.
Rxd6 Rxc3 29. Qd2 Qc7 30. Bb1 Rb8 31. Nb3 a5 32. Ra6 Qc8 33. Qd6 Rxh3+ 34. Kg1
Qg4 35. Qxf6+ Kg8 36. Rd8+ Rxd8 37. Qxd8+ Kh7 38. Qf6 Qxg2# 0-1

[Event "47. Ilmar Raud Memorial"]
[Site "Viljandi"]
[Date "2013.07.05"]
[Round "7"]
[White "Miezis, Normunds"]
[Black "Khalifman, Alexander"]
[Result "1/2-1/2"]
[WhiteElo "2548"]
[BlackElo "2630"]
[PlyCount "22"]
[EventDate "2013.??.??"]
[EventCountry "EST"]
[TimeControl "40/5400+30:900+30"]

1. c4 c6 2. e4 d5 3. exd5 cxd5 4. cxd5 Nf6 5. Nc3 Nxd5 6. Nf3 Nc6 7. d4 Bg4 8.
Be2 e6 9. h3 Bh5 10. O-O Be7 11. Qb3 a6 1/2-1/2

[Event "47. Ilmar Raud Memorial"]
[Site "Viljandi"]
[Date "2013.07.05"]
[Round "7"]
[White "Shishkov, Andrei"]
[Black "Külaots, Kaido"]
[Result "0-1"]
[WhiteElo "2375"]
[BlackElo "2581"]
[PlyCount "113"]
[EventDate "2013.??.??"]
[EventCountry "EST"]
[TimeControl "40/5400+30:900+30"]

1. d4 Nf6 2. c4 e6 3. Nc3 Bb4 4. Qc2 d6 5. Nf3 Nbd7 6. Bd2 e5 7. a3 Bxc3 8.
Bxc3 e4 9. Nd2 e3 10. fxe3 O-O 11. g3 Qe7 12. e4 c5 13. Bg2 cxd4 14. Bxd4 Ne5
15. O-O Bg4 16. Bf3 Be6 17. c5 Nfd7 18. b4 dxc5 19. bxc5 f6 20. Rfc1 Rfc8 21.
Qb2 Rc7 22. Rc2 Rac8 23. Rac1 Bf7 24. Kg2 Nxc5 25. Bxe5 fxe5 26. Bg4 Re8 27.
Qb4 b6 28. Nf3 Qf6 29. Bf5 Rd8 30. g4 Qe7 31. g5 Rc6 32. h4 Rcd6 33. Rxc5 bxc5
34. Rxc5 Rb6 35. Qa5 Bh5 36. Rxe5 Qc7 37. Qc5 Qxc5 38. Rxc5 Rb2 39. Be6+ Kf8
40. Bc4 Bg4 41. Ra5 Rc2 42. Ne5 Bxe2 43. Bxe2 Rxe2+ 44. Kf3 Rh2 45. Kg3 Rc2 46.
Rxa7 Kg8 47. h5 Re8 48. g6 hxg6 49. Nxg6 Kh7 50. Ne7 Rc1 51. Nf5 Rxe4 52. Rxg7+
Kh8 53. Rf7 Rc3+ 54. Kg2 Re2+ 55. Kf1 Rb2 56. Rf8+ Kh7 57. Ne7 0-1

[Event "47. Ilmar Raud Memorial"]
[Site "Viljandi"]
[Date "2013.07.05"]
[Round "7"]
[White "Krupenski, Jüri"]
[Black "Kanep, Meelis"]
[Result "0-1"]
[WhiteElo "2299"]
[BlackElo "2512"]
[PlyCount "70"]
[EventDate "2013.??.??"]
[EventCountry "EST"]

1. e4 c5 2. Nf3 d6 3. c3 Nf6 4. Be2 g6 5. O-O Bg7 6. Bb5+ Nfd7 7. d4 O-O 8. Re1
Na6 9. Bf1 Nc7 10. a4 d5 11. e5 f6 12. h4 cxd4 13. cxd4 fxe5 14. Nxe5 Nxe5 15.
dxe5 Ne6 16. a5 Rf5 17. Nc3 d4 18. Bc4 Kh8 19. Ne4 Rxe5 20. Bd2 b5 21. axb6
Qxb6 22. Qa4 Bb7 23. Ng5 Nxg5 24. Bxg5 Rxe1+ 25. Rxe1 e5 26. Qa3 e4 27. Qe7 Rf8
28. Ra1 e3 29. fxe3 Qxb2 30. Ra2 Qc1+ 31. Kh2 Bxg2 32. Bf7 Qh1+ 33. Kg3 Qh3+
34. Kf2 Qf3+ 35. Kg1 Rxf7 0-1

[Event "47. Ilmar Raud Memorial"]
[Site "Viljandi"]
[Date "2013.07.05"]
[Round "7"]
[White "Tuul, Tarmo"]
[Black "Shvyrjov, Igor"]
[Result "0-1"]
[WhiteElo "2062"]
[BlackElo "2461"]
[PlyCount "86"]
[EventDate "2013.??.??"]
[EventCountry "EST"]

1. d4 Nf6 2. c4 d6 3. Nc3 c6 4. e4 g6 5. Nf3 Bg7 6. Be2 Bg4 7. h3 Bxf3 8. Bxf3
O-O 9. Be3 Nfd7 10. Qd2 Re8 11. Be2 a5 12. h4 Nf8 13. h5 Nbd7 14. hxg6 fxg6 15.
f4 e6 16. e5 c5 17. exd6 cxd4 18. Bxd4 e5 19. Bf2 exf4 20. Nd5 Qg5 21. Ne7+ Kh8
22. O-O a4 23. Bd4 Ne6 24. Bxg7+ Kxg7 25. Qd5 Qxd5 26. cxd5 Nec5 27. Rxf4 Rf8
28. Raf1 Rf6 29. Bb5 Rxd6 30. Rf7+ Kh6 31. g4 Ne5 32. g5+ Kxg5 33. Rxh7 a3 34.
b4 Ne4 35. Kh2 Nf6 36. Rg7 Rh8+ 37. Kg2 Kh6 38. Rxf6 Rxf6 39. Rg8 Rh7 40. Re8
Rb6 41. Nc8 Rxb5 42. Rxe5 Rd7 43. Ne7 Kg7 0-1

[Event "47. Ilmar Raud Memorial"]
[Site "Viljandi"]
[Date "2013.07.05"]
[Round "7"]
[White "Sepp, Olav"]
[Black "Ladva, Ottomar"]
[Result "1-0"]
[WhiteElo "2442"]
[BlackElo "2310"]
[PlyCount "135"]
[EventDate "2013.??.??"]
[EventCountry "EST"]

1. Nf3 d5 2. d3 Nf6 3. Nbd2 Bg4 4. h3 Bh5 5. g4 Bg6 6. Nh4 e5 7. Bg2 c6 8. e3
Nfd7 9. Nxg6 hxg6 10. O-O Bc5 11. c4 Nb6 12. cxd5 cxd5 13. a4 a5 14. d4 exd4
15. Nb3 Be7 16. exd4 O-O 17. Nc5 N8d7 18. Nd3 Rc8 19. Re1 Bf6 20. Nf4 Nb8 21.
b3 Nc6 22. Be3 Nb4 23. Re2 Bg5 24. Rc1 Qf6 25. Nd3 Bxe3 26. Rxe3 Qxd4 27. Nxb4
Rxc1 28. Qxc1 Qxb4 29. Qc3 Qxc3 30. Rxc3 Rc8 31. Rxc8+ Nxc8 32. Bxd5 b6 33. f4
Kf8 34. Kf2 Ke7 35. Ke3 f6 36. g5 Nd6 37. Kd3 Nf5 38. Bg8 Kd6 39. Bf7 Nh4 40.
Kc4 Ng2 41. gxf6 gxf6 42. Bxg6 Nxf4 43. Bf5 Ng2 44. Kd4 Nh4 45. Ke4 Kc5 46. Be6
Kd6 47. Bg4 Kc5 48. Be6 Kd6 49. Bf7 Ke7 50. Bc4 f5+ 51. Ke5 f4 52. Kxf4 Kf6 53.
Bd3 Ng2+ 54. Ke4 Ke6 55. Bc4+ Ke7 56. Bf1 Nh4 57. Kd5 Kd7 58. Bb5+ Kc7 59. Ke5
Nf3+ 60. Kf4 Nd2 61. Bc4 b5 62. Bxb5 Nxb3 63. Ke5 Kd8 64. Kf6 Nd4 65. Bc4 Nf3
66. Bd5 Ng1 67. h4 Ne2 68. h5 1-0

[Event "47. Ilmar Raud Memorial"]
[Site "Viljandi"]
[Date "2013.07.05"]
[Round "7"]
[White "Sriram, Jha"]
[Black "Seeman, Tarvo"]
[Result "0-1"]
[WhiteElo "2437"]
[BlackElo "2376"]
[PlyCount "70"]
[EventDate "2013.??.??"]
[EventCountry "EST"]

1. d4 Nf6 2. c4 g6 3. Nc3 Bg7 4. e4 d6 5. f3 a6 6. Be3 c6 7. Qd2 b5 8. O-O-O
Qa5 9. Kb1 Nbd7 10. g4 Rb8 11. h4 h5 12. g5 Nh7 13. Ka1 Nhf8 14. f4 Nb6 15. c5
b4 16. cxb6 bxc3 17. Qxc3 Qxb6 18. e5 Bf5 19. Bg2 Nd7 20. Bxc6 O-O 21. Rh2 Rfc8
22. d5 Qc7 23. exd6 Qxd6 24. Bd4 Qxf4 25. Nf3 Bxd4 26. Rxd4 Qd6 27. b3 Nb6 28.
Rhd2 Nxd5 29. Rxd5 Rxc6 30. Qb2 Qc7 31. Rd1 Rc2 32. Qd4 Be4 33. Rd7 Rc1+ 34.
Kb2 Qc2+ 35. Ka3 Rxd1 0-1

[Event "47. Ilmar Raud Memorial"]
[Site "Viljandi"]
[Date "2013.07.05"]
[Round "7"]
[White "Berzinsh, Roland"]
[Black "Sõskov, Vjacheslav"]
[Result "1-0"]
[WhiteElo "2400"]
[BlackElo "2278"]
[PlyCount "63"]
[EventDate "2013.??.??"]
[EventCountry "EST"]

1. e4 c5 2. Nc3 Nc6 3. Bb5 Nd4 4. Nf3 g6 5. Bc4 Bg7 6. Nxd4 cxd4 7. Qf3 e6 8.
Ne2 Ne7 9. O-O O-O 10. d3 Nc6 11. Bb3 Na5 12. c3 Nxb3 13. axb3 dxc3 14. bxc3 d6
15. Qg3 b5 16. b4 e5 17. d4 d5 18. dxe5 dxe4 19. Be3 Qc7 20. Bd4 Be6 21. Ra6
Bc4 22. Re1 Qb7 23. Rd6 a5 24. Nf4 a4 25. h4 Qe7 26. h5 a3 27. h6 Bxh6 28. Nh5
Be6 29. Nf6+ Kg7 30. Qh4 Qc7 31. Be3 g5 32. Bxg5 1-0

[Event "47. Ilmar Raud Memorial"]
[Site "Viljandi"]
[Date "2013.07.05"]
[Round "7"]
[White "Koop, Vyacheslav"]
[Black "Ehlvest, Jaan"]
[Result "0-1"]
[WhiteElo "2181"]
[BlackElo "2623"]
[PlyCount "96"]
[EventDate "2013.??.??"]
[EventCountry "EST"]

1. e4 c5 2. Nf3 e6 3. d4 cxd4 4. Nxd4 Nf6 5. Nc3 d6 6. Bg5 Be7 7. Qd2 a6 8. f3
O-O 9. O-O-O b5 10. h4 Bb7 11. Kb1 Nbd7 12. g4 Rc8 13. Rg1 b4 14. Nce2 d5 15.
Bxf6 Bxf6 16. g5 Bxd4 17. Qxd4 Qc7 18. c3 Ne5 19. Bg2 dxe4 20. fxe4 bxc3 21.
Qxc3 Nc4 22. h5 Qe5 23. Qxe5 Nxe5 24. Rd4 h6 25. gxh6 gxh6 26. Nf4 Kh8 27. Rc1
Rg8 28. Rxc8 Bxc8 29. Bh3 Bb7 30. Nxe6 fxe6 31. Bxe6 Rg5 32. Rb4 Bc6 33. Bd5
Bb5 34. a4 Bd3+ 35. Ka2 Kg7 36. a5 Rxh5 37. Rb8 Rh2 38. Re8 Nc4 39. Kb3 Nxb2
40. e5 Bb5 41. Rg8+ Kh7 42. Rb8 Nd3 43. Rxb5 Rb2+ 44. Ka4 axb5+ 45. Ka3 b4+ 46.
Ka4 Kg7 47. a6 Nc5+ 48. Kb5 Nxa6 0-1

[Event "47. Ilmar Raud Memorial"]
[Site "Viljandi"]
[Date "2013.07.05"]
[Round "7"]
[White "Krivonosov, Oleg"]
[Black "Sööt, Margus"]
[Result "1-0"]
[WhiteElo "2471"]
[BlackElo "2116"]
[PlyCount "99"]
[EventDate "2013.??.??"]
[EventCountry "EST"]

1. Nf3 Nf6 2. c4 c5 3. Nc3 e6 4. g3 b6 5. Bg2 Bb7 6. O-O Be7 7. d4 cxd4 8. Qxd4
O-O 9. Rd1 d6 10. Bg5 Nc6 11. Qf4 Ne8 12. Bxe7 Qxe7 13. Rd2 f5 14. Qh4 Rf6 15.
e4 g6 16. Rad1 Rd8 17. e5 dxe5 18. Rxd8 Nxd8 19. Nxe5 Bc8 20. Qd4 Nf7 21. Nc6
Qb7 22. Nb5 a6 23. Ne5 Qe7 24. Nxf7 Kxf7 25. Nc3 e5 26. Qh4 Kg7 27. Nd5 Qd6 28.
Qg5 h6 29. Qc1 Rf8 30. Qc3 Nf6 31. Bf3 e4 32. Be2 Kh7 33. b4 Nd7 34. Qd4 Rf7
35. a3 Bb7 36. Nf4 Qxd4 37. Rxd4 Ne5 38. Rd6 Rd7 39. Rxb6 Nf3+ 40. Kf1 Nxh2+
41. Ke1 Nf3+ 42. Bxf3 exf3 43. Nxg6 Kg7 44. Nf4 Be4 45. c5 Kf7 46. Rxh6 Rd4 47.
Rxa6 Bc2 48. Rd6 Re4+ 49. Kd2 Ba4 50. Rd3 1-0

[Event "47. Ilmar Raud Memorial"]
[Site "Viljandi"]
[Date "2013.07.05"]
[Round "7"]
[White "Lauk, Ülar"]
[Black "Teemäe, Leo"]
[Result "1-0"]
[WhiteElo "2403"]
[BlackElo "2052"]
[PlyCount "29"]
[EventDate "2013.??.??"]
[EventCountry "EST"]

1. e4 e5 2. Nf3 Nc6 3. Bb5 f5 4. Nc3 Nd4 5. Ba4 Nf6 6. Nxe5 Bc5 7. Nd3 Bb6 8.
e5 Ng4 9. O-O Qh4 10. h3 O-O 11. Nd5 d6 12. c3 Qg3 13. hxg4 Qxd3 14. cxd4 Bxd4
15. Bc2 1-0

[Event "47. Ilmar Raud Memorial"]
[Site "Viljandi"]
[Date "2013.07.05"]
[Round "7"]
[White "Bernotas, Arturas"]
[Black "Tominga, Eke"]
[Result "1/2-1/2"]
[WhiteElo "2281"]
[BlackElo "1993"]
[PlyCount "70"]
[EventDate "2013.??.??"]
[EventCountry "EST"]

1. e4 e5 2. Nf3 Nc6 3. d4 exd4 4. Nxd4 Nf6 5. Nxc6 bxc6 6. e5 Qe7 7. Qe2 Nd5 8.
c4 Ba6 9. b3 O-O-O 10. g3 f6 11. Bb2 Nb6 12. Bg2 Qf7 13. O-O h5 14. a4 h4 15.
a5 Nd5 16. Qf3 hxg3 17. hxg3 Qg6 18. Nc3 Nxc3 19. Bxc3 fxe5 20. Qe3 Kb7 21.
Rfd1 Bd6 22. Qe4 Qf7 23. Rd3 Rdf8 24. Rf3 Qe6 25. Rxf8 Rxf8 26. Re1 Bc5 27. Re2
Qf6 28. Qc2 Qg5 29. Qd2 Qxg3 30. Bb4 Rxf2 31. Rxf2 Bxf2+ 32. Qxf2 Qxb3 33. Qd2
Qxc4 34. Qxd7 Qd4+ 35. Qxd4 exd4 1/2-1/2

[Event "47. Ilmar Raud Memorial"]
[Site "Viljandi"]
[Date "2013.07.05"]
[Round "7"]
[White "Valner, Uku"]
[Black "Petrov, Dmitri"]
[Result "1/2-1/2"]
[WhiteElo "2215"]
[BlackElo "1889"]
[PlyCount "62"]
[EventDate "2013.??.??"]
[EventCountry "EST"]

1. e4 c5 2. Nc3 Nc6 3. g3 g6 4. Bg2 Bg7 5. d3 d6 6. Be3 e6 7. f4 Nge7 8. Nf3
O-O 9. O-O Nd4 10. e5 Nef5 11. Bf2 Nxf3+ 12. Qxf3 Nd4 13. Qd1 dxe5 14. fxe5
Bxe5 15. Ne4 Nc6 16. c3 Qc7 17. Nxc5 Rb8 18. d4 Bg7 19. g4 b6 20. Ne4 Ba6 21.
Re1 Rbd8 22. Bh4 Ne7 23. Nf6+ Kh8 24. Qf3 Bb5 25. Qh3 h6 26. Bg5 Ng8 27. Nxg8
Kxg8 28. Bxh6 Rfe8 29. Bxg7 Kxg7 30. Re5 Rh8 31. Qg3 Rh7 1/2-1/2

[Event "47. Ilmar Raud Memorial"]
[Site "Viljandi"]
[Date "2013.07.05"]
[Round "7"]
[White "Narva, Jaan"]
[Black "Kastelijn, Twan"]
[Result "1/2-1/2"]
[WhiteElo "2300"]
[BlackElo "1971"]
[PlyCount "118"]
[EventDate "2013.??.??"]
[EventCountry "EST"]

1. e4 e6 2. Qe2 c5 3. Nf3 d6 4. g3 Nc6 5. Bg2 g6 6. O-O Bg7 7. c3 e5 8. Na3 Rb8
9. Rd1 Nge7 10. Nc2 Qb6 11. b3 O-O 12. Bb2 f5 13. exf5 Bxf5 14. Ne3 Bd7 15.
Qc4+ Kh8 16. Ng5 h6 17. Nf7+ Kh7 18. Nxd6 Na5 19. Qd3 Rbd8 20. Ndc4 Bb5 21.
Nxb6 Bxd3 22. Nbd5 Nxd5 23. Bxd5 e4 24. Ba3 b6 25. Rac1 Rf3 26. c4 Rdf8 27. b4
Rxf2 28. bxa5 Bd4 29. Kh1 Be2 30. Bxe4 Bxe3 31. dxe3 Bxd1 32. Rxd1 Rxa2 33.
axb6 Rxa3 34. Rd7+ Kh8 35. bxa7 Ra2 36. Kg1 g5 37. a8=Q Raxa8 38. Bxa8 Rxa8 39.
Rc7 g4 40. Rxc5 Ra1+ 41. Kf2 Ra2+ 42. Kf1 Rxh2 43. Rc7 Rh1+ 44. Ke2 Kg8 45. e4
h5 46. c5 h4 47. gxh4 Rxh4 48. c6 Rh6 49. Kf2 Kf8 50. Kg3 Rg6 51. Rc8+ Ke7 52.
Rh8 Rxc6 53. Kxg4 Rg6+ 54. Kf4 Rf6+ 55. Ke5 Re6+ 56. Kf5 Rf6+ 57. Kg5 Rf1 58.
Ra8 Rf2 59. Ra5 Ke6 1/2-1/2

[Event "47. Ilmar Raud Memorial"]
[Site "Viljandi"]
[Date "2013.07.05"]
[Round "7"]
[White "Fomina, Tatjana"]
[Black "Akkanen, Timo"]
[Result "0-1"]
[WhiteElo "2222"]
[BlackElo "1751"]
[PlyCount "90"]
[EventDate "2013.??.??"]
[EventCountry "EST"]

1. e4 e5 2. Nf3 Nc6 3. Bb5 a6 4. Ba4 Nf6 5. Qe2 d6 6. c3 b5 7. Bb3 Be7 8. O-O
Bg4 9. d3 O-O 10. Nbd2 Na5 11. Bc2 c5 12. h3 Bh5 13. Rd1 Nc6 14. g4 Bg6 15. Nf1
h5 16. N3h2 hxg4 17. hxg4 d5 18. Ng3 Re8 19. f3 d4 20. c4 Nh7 21. Bb3 Ng5 22.
Kg2 Ne6 23. cxb5 axb5 24. Bd5 Rc8 25. Nf5 Bg5 26. Bxe6 Rxe6 27. Nf1 Bxf5 28.
exf5 Rh6 29. Bxg5 Qxg5 30. Ng3 f6 31. Rac1 Ne7 32. Qe4 c4 33. Qb7 Kf8 34. Qxb5
Qe3 35. Rxc4 Rd8 36. Rc5 g5 37. Qa5 Rb8 38. Qd2 Rd8 39. Qb4 Kf7 40. Qc4+ Kg7
41. Qc2 e4 42. dxe4 d3 43. Qc1 Rh2+ 44. Kxh2 Qf2+ 45. Kh3 Qxf3 0-1

[Event "47. Ilmar Raud Memorial"]
[Site "Viljandi"]
[Date "2013.07.05"]
[Round "7"]
[White "Kuusk, Andres"]
[Black "Sirosh, Ilja"]
[Result "1/2-1/2"]
[WhiteElo "2154"]
[BlackElo "2033"]
[PlyCount "118"]
[EventDate "2013.??.??"]
[EventCountry "EST"]

1. e4 c5 2. Nc3 Nc6 3. f4 e6 4. Nf3 d5 5. Bb5 Nge7 6. exd5 exd5 7. Qe2 f6 8. d4
Kf7 9. dxc5 Nf5 10. Bd2 Bxc5 11. O-O-O Nfd4 12. Nxd4 Nxd4 13. Qf1 Nxb5 14. Qxb5
Qb6 15. Qd3 d4 16. Na4 Qc6 17. Nxc5 Qxc5 18. Qb3+ Be6 19. Qxb7+ Kg6 20. Bb4 Qb6
21. Qxb6 axb6 22. Rxd4 Rxa2 23. Kb1 Ra4 24. Bc3 Ra7 25. Bb4 Rc8 26. Rhd1 Bf5
27. R1d2 Rac7 28. Bc3 h5 29. Re2 Ra8 30. Kc1 Bg4 31. Re1 Ra1+ 32. Kd2 Rxe1 33.
Kxe1 Re7+ 34. Kf1 h4 35. Be1 h3 36. gxh3 Bxh3+ 37. Kf2 Bg4 38. Bd2 Bf5 39. c3
Rd7 40. Rxd7 Bxd7 41. c4 Kf5 42. Ke3 Ke6 43. Kd4 Kd6 44. Bb4+ Kc6 45. h4 Bg4
46. Be7 f5 47. Ke5 g6 48. b4 Be2 49. Bd8 b5 50. c5 Bf3 51. Ke6 Be2 52. Kf7 Bh5
53. Kf6 Kd7 54. Be7 Kc6 55. Bd6 Kd7 56. Be5 Kc6 57. Ke6 Bf3 58. Kf7 Bh5 59. Bd4
Kd7 1/2-1/2

[Event "47. Ilmar Raud Memorial"]
[Site "Viljandi"]
[Date "2013.07.06"]
[Round "8"]
[White "Kveinys, Aloyzas"]
[Black "Agopov, Mikael"]
[Result "1/2-1/2"]
[WhiteElo "2479"]
[BlackElo "2429"]
[PlyCount "35"]
[EventDate "2013.??.??"]
[EventCountry "EST"]
[TimeControl "40/5400+30:900+30"]

1. d4 Nf6 2. Nf3 g6 3. c4 Bg7 4. g3 d5 5. cxd5 Nxd5 6. Bg2 Nb6 7. Nc3 Nc6 8. e3
O-O 9. O-O Re8 10. d5 Na5 11. Nd4 Bd7 12. e4 c6 13. Re1 cxd5 14. exd5 Nac4 15.
b3 Nd6 16. Bf4 Rc8 17. Rc1 Na8 18. Qd2 1/2-1/2

[Event "47. Ilmar Raud Memorial"]
[Site "Viljandi"]
[Date "2013.07.06"]
[Round "8"]
[White "Kovalev, Vladislav"]
[Black "Sepp, Olav"]
[Result "1-0"]
[WhiteElo "2558"]
[BlackElo "2442"]
[PlyCount "155"]
[EventDate "2013.??.??"]
[EventCountry "EST"]
[TimeControl "40/5400+30:900+30"]

1. e4 e5 2. Nf3 Nc6 3. Bb5 Nf6 4. Bxc6 dxc6 5. d3 Bd6 6. Nbd2 O-O 7. Nc4 Re8 8.
O-O Nd7 9. b3 Nf8 10. Bb2 Ng6 11. d4 exd4 12. Qxd4 Bf8 13. Qxd8 Rxd8 14. h3 c5
15. Rad1 Be6 16. Ne3 f6 17. e5 Kf7 18. exf6 gxf6 19. Nd2 Nf4 20. Ne4 Be7 21.
Rfe1 h5 22. Kf1 Rxd1 23. Rxd1 Rg8 24. Ng3 Rd8 25. Rxd8 Bxd8 26. Ne2 Nxe2 27.
Kxe2 h4 28. c4 c6 29. Ba3 b6 30. Nf1 Bf5 31. Nd2 Kg6 32. Bb2 Bc2 33. Bc3 a5 34.
Nf3 Kh5 35. Kd2 Bb1 36. a4 Be4 37. Ne1 Kg5 38. Ke3 Bb1 39. Kd2 Be4 40. Ke2 Bb1
41. Kd1 Kg6 42. Kd2 Be4 43. Nd3 Kg5 44. f3 Bg6 45. Ke2 Bc7 46. Bd2+ Kf5 47. Be3
Bf7 48. Kd2 Bd6 49. Nf2 Ke6 50. Ne4 Be5 51. Kd3 Bg6 52. Bf2 Bg3 53. Bxg3 hxg3
54. Kd2 f5 55. Nxg3 f4 56. Ne2 Ke5 57. h4 Bh5 58. Kc3 Be8 59. Nc1 Bg6 60. Nd3+
Kf5 61. Nf2 Ke5 62. Ne4 Bh5 63. Nf2 Kf5 64. Nd3 Be8 65. Nc1 Ke5 66. Ne2 Bh5 67.
Kd2 Bf7 68. g3 fxg3 69. Nxg3 Kf4 70. Ne4 Bh5 71. Ng5 Kg3 72. Ke3 Kxh4 73. Kf4
Bg6 74. Ne4 Bh7 75. Ke5 Bg8 76. f4 b5 77. axb5 cxb5 78. cxb5 1-0

[Event "47. Ilmar Raud Memorial"]
[Site "Viljandi"]
[Date "2013.07.06"]
[Round "8"]
[White "Shvyrjov, Igor"]
[Black "Külaots, Kaido"]
[Result "0-1"]
[WhiteElo "2461"]
[BlackElo "2581"]
[PlyCount "68"]
[EventDate "2013.??.??"]
[EventCountry "EST"]
[TimeControl "40/5400+30:900+30"]

1. d4 Nf6 2. c4 e6 3. Nf3 d5 4. Bg5 h6 5. Bxf6 Qxf6 6. Nc3 c6 7. e3 g6 8. Be2
Bg7 9. O-O O-O 10. b4 dxc4 11. Bxc4 Nd7 12. Rc1 Qe7 13. Qb3 Nb6 14. Be2 e5 15.
dxe5 Bxe5 16. Na4 Be6 17. Qc2 Bf5 18. Qb3 Nxa4 19. Nxe5 Qxe5 20. Qxa4 Qb2 21.
Bc4 b5 22. Qb3 Qd2 23. Bxf7+ Rxf7 24. Rxc6 Rd8 25. e4 Bxe4 26. Ra6 Kg7 27. h4
Bd3 28. h5 Bxf1 29. Rxg6+ Kf8 30. Qg3 Qd4 31. Rg8+ Ke7 32. Rg4 Qf6 33. Rg6 Qf4
34. Qh3 Bc4 0-1

[Event "47. Ilmar Raud Memorial"]
[Site "Viljandi"]
[Date "2013.07.06"]
[Round "8"]
[White "Kanep, Meelis"]
[Black "Neiksans, Arturs"]
[Result "1/2-1/2"]
[WhiteElo "2512"]
[BlackElo "2554"]
[PlyCount "53"]
[EventDate "2013.??.??"]
[EventCountry "EST"]
[TimeControl "40/5400+30:900+30"]

1. d4 f5 2. g3 Nf6 3. Bg2 g6 4. Nh3 Bg7 5. Nf4 Nc6 6. h4 e5 7. dxe5 Nxe5 8. h5
d6 9. Nd2 c6 10. Nf3 Nfg4 11. hxg6 hxg6 12. Rxh8+ Bxh8 13. Nxe5 Nxe5 14. c3 Qe7
15. Be3 Be6 16. Nxe6 Qxe6 17. Qb3 Qxb3 18. axb3 a6 19. O-O-O d5 20. Rh1 Bf6 21.
Bd4 O-O-O 22. Rh7 Rd7 23. Rxd7 Kxd7 24. f3 Ke6 25. Kd2 Nd7 26. Bf2 Be5 27. Bh3
1/2-1/2

[Event "47. Ilmar Raud Memorial"]
[Site "Viljandi"]
[Date "2013.07.06"]
[Round "8"]
[White "Seeman, Tarvo"]
[Black "Miezis, Normunds"]
[Result "0-1"]
[WhiteElo "2376"]
[BlackElo "2549"]
[PlyCount "68"]
[EventDate "2013.??.??"]
[EventCountry "EST"]
[TimeControl "40/5400+30:900+30"]

1. g3 c5 2. Bg2 Nc6 3. e4 g6 4. f4 Bg7 5. Nf3 d6 6. d3 e5 7. O-O Nge7 8. c3 O-O
9. Na3 Kh8 10. Be3 exf4 11. gxf4 f5 12. Qe1 b6 13. Qh4 Rb8 14. Rae1 d5 15. e5
d4 16. cxd4 cxd4 17. Bd2 h6 18. Nc4 Kg8 19. Qg3 Be6 20. Nh4 Qd7 21. Nxg6 Nxg6
22. Qxg6 Ne7 23. Qh5 Kh7 24. Rf3 Rbc8 25. Rg3 Rg8 26. Kh1 b5 27. Nd6 Rc2 28.
Nf7 Rxd2 29. Rg1 Bf8 30. Ng5+ Rxg5 31. fxg5 Ng6 32. gxh6 Nf4 33. Qh4 Nxg2 34.
Qg5 Nf4 0-1

[Event "47. Ilmar Raud Memorial"]
[Site "Viljandi"]
[Date "2013.07.06"]
[Round "8"]
[White "Krivonosov, Oleg"]
[Black "Berzinsh, Roland"]
[Result "1-0"]
[WhiteElo "2471"]
[BlackElo "2400"]
[PlyCount "65"]
[EventDate "2013.??.??"]
[EventCountry "EST"]

1. Nf3 d5 2. d4 Nf6 3. c4 dxc4 4. e3 b5 5. a4 b4 6. Bxc4 e6 7. O-O Be7 8. b3
O-O 9. Bb2 Nbd7 10. Nbd2 Bb7 11. Qe2 c5 12. Ba6 Qb6 13. Bxb7 Qxb7 14. Rac1 Rfc8
15. Rfd1 h6 16. h3 a6 17. Nc4 cxd4 18. Bxd4 a5 19. Nfe5 Nxe5 20. Bxe5 Qa6 21.
Bxf6 Bxf6 22. Rd7 Rc5 23. Rcd1 Rf8 24. R1d6 Qa8 25. e4 Be5 26. Rd1 Bc3 27. Qe3
Rc6 28. Ra7 Qb8 29. Nxa5 Rd6 30. Rd7 Rxd1+ 31. Rxd1 e5 32. Rd5 Bd4 33. Nc6 1-0

[Event "47. Ilmar Raud Memorial"]
[Site "Viljandi"]
[Date "2013.07.06"]
[Round "8"]
[White "Khalifman, Alexander"]
[Black "Valner, Uku"]
[Result "1/2-1/2"]
[WhiteElo "2630"]
[BlackElo "2215"]
[PlyCount "97"]
[EventDate "2013.??.??"]
[EventCountry "EST"]

1. c4 e6 2. g3 Nf6 3. Bg2 d5 4. Nf3 Be7 5. O-O O-O 6. d4 Ne4 7. Qc2 Nd7 8. b3
c6 9. Bb2 f5 10. Nbd2 Ndf6 11. Ne5 Nxd2 12. Qxd2 Ne4 13. Qc2 Bd7 14. f3 Nf6 15.
Rad1 Be8 16. Nd3 Qd7 17. Bc1 Bh5 18. Bf4 b6 19. c5 Qb7 20. Rb1 Nd7 21. b4 Bf6
22. Qc3 Rfe8 23. Bd6 b5 24. e4 a5 25. e5 Bd8 26. a3 axb4 27. axb4 Bg5 28. h4
Be3+ 29. Kh2 Ra2 30. Ne1 Bd2 31. Qb3 Rea8 32. Nc2 f4 33. Ra1 Rxa1 34. Rxa1 Rxa1
35. Nxa1 Qa8 36. Nc2 Bg6 37. Bh3 Kf7 38. h5 fxg3+ 39. Kxg3 Bxh5 40. Qd3 Bh6 41.
Qxh7 Qd8 42. Ne3 Qg5+ 43. Ng4 Bg6 44. Qh8 Qf4+ 45. Kg2 Qd2+ 46. Kh1 Qc1+ 47.
Kg2 Qd2+ 48. Kh1 Qd1+ 49. Kg2 1/2-1/2

[Event "47. Ilmar Raud Memorial"]
[Site "Viljandi"]
[Date "2013.07.06"]
[Round "8"]
[White "Volodin, Aleksandr"]
[Black "Sipilä, Vilka"]
[Result "1/2-1/2"]
[WhiteElo "2485"]
[BlackElo "2423"]
[PlyCount "132"]
[EventDate "2013.??.??"]
[EventCountry "EST"]

1. d4 d5 2. Nf3 Nf6 3. g3 e6 4. Bg2 Be7 5. c4 O-O 6. Qc2 dxc4 7. Qxc4 a6 8. Bg5
b5 9. Qc2 Bb7 10. Nbd2 Nc6 11. O-O Nxd4 12. Nxd4 Bxg2 13. Nxe6 Qd5 14. Nf4 Qxg5
15. Kxg2 Nd5 16. Nxd5 Qxd5+ 17. e4 Qb7 18. Nb3 a5 19. a4 Rfd8 20. Rfc1 bxa4 21.
Rxa4 Bb4 22. Qc6 Qc8 23. Qxc7 Qg4 24. Qf4 Qe2 25. Rca1 Qb5 26. Qf5 Qe8 27. Nxa5
Rdb8 28. Qd5 Ra6 29. Qc4 Rab6 30. b3 g6 31. Qc2 Re6 32. Nc4 Rxe4 33. Nd6 Re2
34. Nxe8 Rxc2 35. Ra8 Rxa8 36. Rxa8 Rb2 37. Rb8 Bc5 38. Nf6+ Kg7 39. Ne4 Bd4
40. Rb7 Kg8 41. Rd7 f5 42. Rxd4 fxe4 43. Rxe4 Rxb3 44. Re7 h5 45. h3 Ra3 46. g4
hxg4 47. hxg4 Rb3 48. f3 Ra3 49. Kg3 Rb3 50. Kf4 Ra3 51. Ke4 Ra5 52. Rd7 Rb5
53. Rd5 Rb3 54. Rd4 Kf7 55. Ra4 Rb7 56. Kf4 Rb3 57. Ra7+ Kg8 58. Re7 Ra3 59.
Ke4 Ra5 60. f4 Rb5 61. Rd7 Ra5 62. f5 gxf5+ 63. gxf5 Ra6 64. Kf4 Kf8 65. Kg5
Rb6 66. f6 Rb1 1/2-1/2

[Event "47. Ilmar Raud Memorial"]
[Site "Viljandi"]
[Date "2013.07.06"]
[Round "8"]
[White "Korstin, Maris"]
[Black "Sriram, Jha"]
[Result "0-1"]
[WhiteElo "2222"]
[BlackElo "2437"]
[PlyCount "68"]
[EventDate "2013.??.??"]
[EventCountry "EST"]

1. g3 c5 2. Bg2 Nc6 3. c4 g6 4. Nc3 Bg7 5. Nf3 d6 6. O-O Qd7 7. d3 b6 8. Bd2
Bb7 9. Rb1 e6 10. a3 Nge7 11. Qc1 h6 12. b4 Nf5 13. Re1 Ncd4 14. Nxd4 cxd4 15.
Nd1 Bxg2 16. Kxg2 Qb7+ 17. f3 h5 18. Nf2 Rc8 19. Qd1 Ke7 20. e4 dxe3 21. Bxe3
h4 22. g4 h3+ 23. Kf1 Nxe3+ 24. Rxe3 d5 25. cxd5 Qxd5 26. Re4 Qa2 27. Qb3 Rc1+
28. Re1 Rxe1+ 29. Kxe1 Qxb3 30. Rxb3 Be5 31. Rb1 Bxh2 32. Ke2 Bf4 33. a4 h2 34.
a5 b5 0-1

[Event "47. Ilmar Raud Memorial"]
[Site "Viljandi"]
[Date "2013.07.06"]
[Round "8"]
[White "Kukk, Sander"]
[Black "Shishkov, Andrei"]
[Result "0-1"]
[WhiteElo "2201"]
[BlackElo "2375"]
[PlyCount "50"]
[EventDate "2013.??.??"]
[EventCountry "EST"]

1. e4 c5 2. Nc3 a6 3. g3 b5 4. Bg2 Bb7 5. f4 e6 6. d3 b4 7. Nb1 d5 8. Qe2 Be7
9. Nf3 Nf6 10. e5 Nfd7 11. Be3 Nc6 12. Nbd2 a5 13. O-O Qc7 14. c4 bxc3 15. bxc3
O-O 16. Bf2 Ba6 17. g4 Rae8 18. Bg3 Qa7 19. f5 Bxd3 20. Qe3 Bxf1 21. Rxf1 exf5
22. gxf5 c4 23. Qxa7 Nxa7 24. Nd4 Bc5 25. Re1 Nb5 0-1